00586nam a2200193Ia 4500008004100000020001400041082001500055100001900070245002600089250000700115260003800122300002400160500001900184600003300203650001700236942000700253952011700260999001500377240925s9999 xx 000 0 und d a140157921 a567.91 BAK aBakker, Robert 4aThe Dinosaur Heresies aNA aNew York:bPergamon Pressc,1986. a128p.bNAfOriginal aIncludes Index aHumanities & Natural Science aPaleontology cBK 001040708HUMaUITUbUITUd1995-06-08eF.B.Cg80.00l0o567.91 BAKpQ0431r2024-09-25 07:12:05w2024-09-25yBK c2930d2930